Aplikácia v procese prestavby hospodárskeho mechanizmu Zborník. Považská Bystrica 19.-20.4.1988

Na minha lista:
Detalhes bibliográficos
Formato: Livro
Idioma:eslovaco
Publicado em: Banská Bystrica Dom techn. ČSVTS 1988
Edição:1. vyd.
Tags: Adicionar Tag
Sem tags, seja o primeiro a adicionar uma tag!

MARC

LEADER 00000nam a2200000 4500
001 c029807
005 20221219091417.1
041 0 |a slo 
044 |a SK 
245 1 0 |a Aplikácia v procese prestavby hospodárskeho mechanizmu  |b Zborník. Považská Bystrica 19.-20.4.1988 
250 |a 1. vyd. 
264 1 |a Banská Bystrica  |b Dom techn. ČSVTS  |c 1988 
300 |a 80 s.